000 00920nam a22002417a 4500
999 _c7360
_d7360
005 20251125232813.0
008 s2529 th tha d
040 _aNALT
041 _atha
050 _aDS570.5 ล284น
100 0 _aลาวัณย์ โชตามระ
245 1 0 _aในรั้ว-ในวัง
260 3 _aกรุงเทพฯ :
_bโอเดียนสโตร์,
_c2529
300 _a187 หน้า :
_b ภาพประกอบ
650 0 4 _aภูมิพลอดุลยเดช, พระบาทสมเด็จพระเจ้าอยู่หัว, 2470--
650 0 4 _aราชนิกุล%
650 0 4 _aราชสกุล%
650 0 4 _aราชสำนักและข้าราชสำนัก
850 _aNALT
856 4 0 _uhttps://hdl.handle.net/20.500.14156/448696
_71
942 _cGB
_2lcc